• 首页
  • 本馆介绍
  • 公告通知
  • 最新文献
  • 馆藏检索
  • 电子资源
  • 读者导购
  • 参考咨询
  • 我的图书馆
  • 登录
  • 详细信息显示
  • 放入我的书架
  • 预约/预借图书
  • 作者相关作品
  • 分类相关作品
  • 丛书相关作品
  • 出版社相关作品

书目信息

  • 表格格式
  • 工作单格式
  • 卡片格式
题名:
油橄榄丰产栽培实用技术
    
 
作者: 张东升 主编
分册:  
出版信息: 北京   中国林业出版社  2011
页数: 99页
开本: 21cm
丛书名: 科技服务林改实用技术丛书
单 册:
中图分类: S565.7 , S565
科图分类:
主题词: 油橄榄--栽培技术 , 油橄榄 , 栽培技术
电子资源:
ISBN: 978-7-5038-6217-5
000 00890oam2 2200277 450
001 2350728599
005 20231213140604.70
010    @a978-7-5038-6217-5@dCNY 10.00
100    @a20110914d2011 em y0chiy0120 ea
101 0  @achi
102    @aCN@b110000
105    @aa z 000yy
200 1  @a油橄榄丰产栽培实用技术@b专著@f张东升主编@Ayou gan lan feng chan zai pei shi yong ji shu
210    @a北京@c中国林业出版社@d2011
215    @a99页@c彩图@d21cm
225 2  @a科技服务林改实用技术丛书
330    @a本书介绍了油橄榄简介、油橄榄的生物学特性、中国主要引进油橄榄品种及可以考虑引进的国外主要品种、油橄榄育苗与繁育技术等内容。
410  0 @1001003921950
606 0  @a油橄榄@x栽培技术
606 0  @a油橄榄
606 0  @a栽培技术
690    @aS565.7@v5
690    @aS565@v4
701  0 @a张东升@4主编@Azhang dong sheng
801  2 @aCN@b辽宁北配@c20231205
905    @aBZT@dS565@e1
    
    油橄榄丰产栽培实用技术/张东升主编.-北京:中国林业出版社,2011
    99页:彩图;21cm.-(科技服务林改实用技术丛书)
    
    
    ISBN 978-7-5038-6217-5:CNY 10.00
    本书介绍了油橄榄简介、油橄榄的生物学特性、中国主要引进油橄榄品种及可以考虑引进的国外主要品种、油橄榄育苗与繁育技术等内容。
●
相关链接 在五车中查询图书 在当当中查询图书 在豆瓣中查询图书


正题名:油橄榄丰产栽培实用技术     索取号:S565/1         预约/预借

序号 登录号 条形码 馆藏地/架位号 状态 备注
1 2001550721   2001550721   319书库/ [索取号:S565/1] 在馆    
2 2001550722   2001550722   319书库/ [索取号:S565/1] 在馆    
3 2001550723   2001550723   319书库/ [索取号:S565/1] 在馆    
4 2001550724   2001550724   319书库/ [索取号:S565/1] 在馆    
5 2001550725   2001550725   319书库/ [索取号:S565/1] 在馆    
6 2001550726   2001550726   319书库/ [索取号:S565/1] 在馆    
7 2001550727   2001550727   319书库/ [索取号:S565/1] 在馆    
8 2001550728   2001550728   319书库/ [索取号:S565/1] 在馆    
9 2001550729   2001550729   319书库/ [索取号:S565/1] 在馆    
10 2001550730   2001550730   319书库/ [索取号:S565/1] 在馆    
11 2001550731   2001550731   319书库/ [索取号:S565/1] 在馆    
12 2001550732   2001550732   319书库/ [索取号:S565/1] 在馆    
13 2001550733   2001550733   319书库/ [索取号:S565/1] 在馆    
14 2001550734   2001550734   319书库/ [索取号:S565/1] 在馆    
15 2001550735   2001550735   319书库/ [索取号:S565/1] 在馆    
16 2001550736   2001550736   319书库/ [索取号:S565/1] 在馆    
17 2001550737   2001550737   319书库/ [索取号:S565/1] 在馆    
18 2001550738   2001550738   319书库/ [索取号:S565/1] 在馆    
19 2001550739   2001550739   319书库/ [索取号:S565/1] 在馆    
20 2001550740   2001550740   319书库/ [索取号:S565/1] 在馆    
21 2001550741   2001550741   319书库/ [索取号:S565/1] 在馆    
22 2001550742   2001550742   319书库/ [索取号:S565/1] 在馆    
23 2001550743   2001550743   319书库/ [索取号:S565/1] 在馆    
24 2001550744   2001550744   319书库/ [索取号:S565/1] 在馆    
25 2001550745   2001550745   319书库/ [索取号:S565/1] 在馆    
26 2001550746   2001550746   319书库/ [索取号:S565/1] 在馆    
27 2001550747   2001550747   319书库/ [索取号:S565/1] 在馆    
28 2001550748   2001550748   319书库/ [索取号:S565/1] 在馆    
29 2001550749   2001550749   319书库/ [索取号:S565/1] 在馆    
30 2001550750   2001550750   319书库/ [索取号:S565/1] 在馆    
山东省滨州职业学院图书馆 欢迎您!
大连网信软件有限公司© 版权所有